| 000 | 00408nam a2200145Ia 4500 | ||
|---|---|---|---|
| 999 |
_c22321 _d22321 |
||
| 082 | _aRI.0032:7 | ||
| 100 | _aAcharya, Sarathi | ||
| 245 | 0 | _aTransfer of technology and women employment in India | |
| 260 |
_c0 _bICSSR, New Delhi |
||
| 300 | _a17+7p. | ||
| 650 | _aWOMEN - EMPLOYMENT - INDIA | ||
| 650 | _aTECHNOLOGY TRANSFER | ||
| 710 | _aICSSR, New Delhi, Programme of Women's Studies | ||
| 942 |
_cRP _2ddc |
||